Score 0/18 Timer 02:00
0 Plays Today
Clue 4-Letter Word % Correct
Steve ____, Apple co-founder and CEO, 1997-2011JOBS
98.6%
Part of an earLOBE
96.7%
Fast food chain: Taco ___BELL
96.2%
To misplace somethingLOSE
96.1%
Bouncy children's toyBALL
93.8%
What one eats soup fromBOWL
92.9%
Easy returns of tennis ballsLOBS
92.9%
Pants supporterBELT
90.5%
Level, hammer, drill, saw, e.g.TOOL
88.5%
Clue 4-Letter Word % Correct
To cry loudly and without restraintBAWL
88%
J.J. Abrams TV series (4,8,15,16,23,42)LOST
86.5%
Bromine does this at 58.8°CBOIL
84.6%
Stole or grabbed fromTOOK
82.4%
One with poor judgmentFOOL
81.5%
Piece of flexible sheet metalFOIL
78%
Like one who is number oneBEST
74.8%
In case; to avoid the risk ofLEST
71.3%
Tim ____, Apple CEO 2011 – PresentCOOK
57.5%

Today's Daily Dose

Missing Word
I Hardly Know Her!

Word Ladder
Sentence Ending

Quick Pick
Female Firsts

Get the Picture
Triathlon Sports

Remove Ads.
Support Sporcle.
Get the best of Sporcle when you Go Orange. This ad-free experience offers more features, more stats, and more fun while also helping to support Sporcle. Thank you for becoming a member.

You're not logged in!

Compare scores with friends on all Sporcle quizzes.
OR
Log In

Show Comments

Extras

Top Quizzes Today


Score Distribution

Your Account Isn't Verified!

In order to create a playlist on Sporcle, you need to verify the email address you used during registration. Go to your Sporcle Settings to finish the process.

Report this User

Report this user for behavior that violates our Community Guidelines.

Details: